000 00652nam a22001337a 4500
040 _cRUA
082 _aANS LI 2018 B648 Or.1
100 _aLI KIMLONG លី គឹមឡុង
245 _aeffcet of thymmol supplementation to concentrated feed on growth performance of fattening pigs (16-60kg) ឥទ្ធិពលនៃការបន្ថែម THYMOL នៅក្នុងចំណីសម្រេចលើការលូតលាស់របស់ជ្រូកសាច់ទម្ងន់ពី ១៦ទៅ៦០គ ក្រ
260 _aRUA
_bPhnom penh
_c2018
300 _ax;41p
_bill;
_c29cm
856 _u LI KIMLONG
942 _cANS
999 _c18257
_d18257